| 000 | 00961nam a2200277I 4500 | ||
|---|---|---|---|
| 001 | 24410 | ||
| 003 | BD-RjUL | ||
| 005 | 20211209001040.0 | ||
| 008 | 140313s1962 enk b 001 0 eng d | ||
| 035 | _a(BD-RjUL)24476 | ||
| 035 | _a(OCoLC)00522959 | ||
| 040 |
_aDLC _cOUN _dOCL _dm.c. _dRCD _dBD-RjUL _beng |
||
| 041 | _aeng | ||
| 082 | 0 | 4 |
_220 _a342.73029 _bSCS 1962 |
| 100 | 1 |
_aSchieder, Theodor. _975155 |
|
| 245 | 1 | 4 |
_aThe state and society in our times : _bstudies in the history of the nineteenth and twentieth centuries / _cTheodor Schieder ; Translated by C. A. M. Sym. |
| 260 |
_aLondon ; _aNew York : _bT. Nelson, _c1962. |
||
| 300 |
_avii, 168 p. ; _c23 cm. |
||
| 490 | 1 | _aNelson's studies in modern history | |
| 504 | _aIncludes bibliographical references and index. | ||
| 650 | 0 |
_aConstitutional history. _975156 |
|
| 830 | 0 |
_aNelson's studies in modern history. _975165 |
|
| 942 |
_2ddc _cBK |
||
| 999 |
_c24410 _d24410 |
||